|
|
|
|
| LEADER |
00000nam a2200000 a 4500 |
| 001 |
39836 |
| 005 |
20230308183209.0 |
| 008 |
000000|1969 ||||||||r|||||||||||spa|| |
| 040 |
|
|
|b spa
|
| 041 |
1 |
|
|a spa
|
| 082 |
0 |
|
|a 310
|
| 110 |
2 |
|
|a Instituto Nacional de Estadística y Censos (INEC).
|g INEC
|9 13632
|
| 245 |
|
|
|a Encueta de manufactura y minería
|c Instituto nacion de Estdística
|h imp
|
| 264 |
|
|
|a Quito
|b Instituto Nacional de Estadística
|c 1969
|
| 650 |
|
|
|a Encuesta de manufactura y mineria
|9 103895
|
| 650 |
|
|
|a Manufactura
|9 86
|
| 650 |
|
|
|a Mineria
|9 262748
|
| 852 |
|
|
|a UC-CDJBV
|c ESTANTERIA CERRADA
|f Donación
|k guillermina.martinez
|l 1
|m General
|p 00000000
|r 2
|t 39836
|b 0
|d CDRC
|e CDRC
|g 310 ESTANTERIA CERRADA
|z 0000-00-00
|
| 942 |
|
|
|c BK
|
| 999 |
|
|
|c 62212
|d 62212
|